| 000 | 01112nam0a22002771 4500 | ||
|---|---|---|---|
| 001 | rc\364281 | ||
| 005 | 20030307123500.5 | ||
| 035 | _a(NLR Aleph) 005594877 | ||
| 090 |
_a6251195 _c6251195 |
||
| 100 | _a20030307d1989 u |0rusy50 ca | ||
| 101 | 0 | _arus | |
| 102 | _aRU | ||
| 105 | _aa ||||||||| | ||
| 200 | 1 |
_aУстойчивость биосферы и окружающей среды: воздействие хозяйственной деятельности _fВ.Г. Горшков, К.Я. Кондратьев, С.Г. Шерман |
|
| 210 |
_aЛ. _cЛИЯФ _d1989 |
||
| 215 |
_a31 с. _cил. _d20 |
||
| 225 | 1 |
_aПрепринт _fАН СССР, Ленингр. ин-т ядер. физики им. Б.П. Константинова _v1512 |
|
| 320 | _aБиблиогр.: с. 30 (16 назв.) | ||
| 700 | 1 |
_aГоршков _bВ. Г. _gВиктор Георгиевич |
|
| 701 | 1 |
_aКондратьев _bК. Я. _gКирилл Яковлевич |
|
| 701 | 1 |
_aШерман _bС. Г. |
|
| 801 | 0 |
_aRU _bNLR _gpsbo |
|
| 801 | 1 |
_aRU _bELAR _2rusmarc |
|
| 852 |
_aNLR _j89-4/17649 |
||
| 942 | _cBOOK | ||
| 980 | _aNB | ||